Marco normativo de la Jurisdicción Especial para la Paz (JEP) (Record no. 4064)

MARC details
000 -LEADER
campo de control de longitud fija 02089nam a2200385 i 4500
003 - IDENTIFICADOR DE NÚMERO DE CONTROL
campo de control CO-BoRNBP
005 - FECHA Y HORA DE LA ÚLTIMA TRANSACCIÓN
campo de control 20230705221734.0
007 - CAMPO FIJO DE DESCRIPCIÓN FÍSICA--INFORMACIÓN GENERAL
campo de control de longitud fija ta
008 - DATOS DE LONGITUD FIJA--INFORMACIÓN GENERAL
campo de control de longitud fija 211118s2019 ck ||||| l|||f00| 0dspa d
020 ## - NÚMERO INTERNACIONAL ESTÁNDAR DEL LIBRO
Número Internacional Estándar del Libro 9788413135243
040 ## - FUENTE DE CATALOGACIÓN
Centro catalogador/agencia de origen CO-BoRNBP
Lengua de catalogación spa
Normas de descripción rda
Centro/agencia transcriptor CO-BoRNBP
041 ## - CÓDIGO DE IDIOMA
Código de lengua del texto/banda sonora o título independiente spa
043 ## - CÓDIGO DE ÁREA GEOGRÁFICA
Código de área geográfica s-ck---
082 04 - NÚMERO DE LA CLASIFICACIÓN DECIMAL DEWEY
Número de clasificación 348.024
Número de ítem S15m
Número de edición 22
100 1# - ENTRADA PRINCIPAL--NOMBRE DE PERSONA
Nombre de persona Sánchez Sánchez, Raúl Eduardo
Término indicativo de función/relación autor
9 (RLIN) 216263
245 10 - MENCIÓN DEL TÍTULO
Título Marco normativo de la Jurisdicción Especial para la Paz (JEP)
Mención de responsabilidad, etc. [autor] y director Raúl Eduardo Sánchez Sánchez ; [autores] y editores Carlos Guillermo Castro Cuenca ... [y otros tres]
264 #1 - PRODUCCIÓN, PUBLICACIÓN, DISTRIBUCIÓN, FABRICACIÓN Y COPYRIGHT
Producción, publicación, distribución, fabricación y copyright Bogotá, Colombia
Nombre del de productor, editor, distribuidor, fabricante Tirant Lo Blanch
Fecha de producción, publicación, distribución, fabricación o copyright 2019
300 ## - DESCRIPCIÓN FÍSICA
Extensión 596 páginas
Otras características físicas 17 cm
336 ## - TIPO DE CONTENIDO
Término de tipo de contenido texto
Código de tipo de contenido txt
Fuente rdacontent
337 ## - TIPO DE MEDIO
Nombre/término del tipo de medio sin mediación
Código del tipo de medio n
Fuente rdamedia
338 ## - TIPO DE SOPORTE
Nombre/término del tipo de soporte volumen
Código del tipo de soporte nc
Fuente rdacarrier
490 0# - MENCIÓN DE SERIE
Mención de serie Textos legales Colombia
500 ## - NOTA GENERAL
Nota general Incluye índice de citas
505 00 - NOTA DE CONTENIDO CON FORMATO
Título Acuerdo Final Gobierno de Colombia FARC-EP
-- Actos legislativos 01 y 02 de 2017
-- Ley 1957. Estatutaria de la administración de justicia en la Jurisdicción Especial para la Paz
-- Ley 1820 de 2015
-- Ley 1922 de 2018
-- Decreto 1753 de 2016
-- Decreto 277 de 2017
-- Decreto 700 de 2017
-- Decreto 706 de 2017
-- Decreto 775 de 2017
-- Decreto 900 de 2017
-- Decreto 903 de 2017
-- Decreto 1252 de 2017
-- Decreto 1269 de 2017
-- Decreto 2199 de 2017
-- Decreto 522 de 2018
-- Acuerdo No. 001 de 2018 Reglamento General de la Jurisdicción Especial para la Paz
521 ## - NOTA DE PÚBLICO DESTINATARIO
Nota de público destinatario Recomendado para público adulto
545 ## - DATOS BIOGRÁFICOS O HISTÓRICOS
Datos biográficos o históricos Incluye datos biográficos de los autores al inicio del texto
610 11 - PUNTO DE ACCESO ADICIONAL DE MATERIA--NOMBRE DE ENTIDAD CORPORATIVA
Nombre de entidad corporativa o nombre de jurisdicción como elemento de entrada Colombia
Unidad subordinada Jurisdicción Especial para la Paz
Subdivisión general Legislación
9 (RLIN) 152837
650 17 - PUNTO DE ACCESO ADICIONAL DE MATERIA--TÉRMINO DE MATERIA
Término de materia o nombre geográfico como elemento de entrada Procesos de paz
Subdivisión general Legislación
Subdivisión geográfica Colombia
Fuente del encabezamiento o término LEMB
9 (RLIN) 152661
650 17 - PUNTO DE ACCESO ADICIONAL DE MATERIA--TÉRMINO DE MATERIA
Término de materia o nombre geográfico como elemento de entrada Acuerdos de paz
Subdivisión general Legislación
Subdivisión geográfica Colombia
Fuente del encabezamiento o término LEMB
9 (RLIN) 152662
700 1# - ENTRADA AGREGADA--NOMBRE PERSONAL
Nombre de persona Castro Cuenca, Carlos Guillermo
Término indicativo de función/relación autor
-- editor
9 (RLIN) 216264
700 1# - ENTRADA AGREGADA--NOMBRE PERSONAL
Nombre de persona Fonseca Sánchez, Crlos
Término indicativo de función/relación autor
-- editor
9 (RLIN) 216265
700 1# - ENTRADA AGREGADA--NOMBRE PERSONAL
Nombre de persona Medina Rico, Ricardo Hernán
Término indicativo de función/relación autor
-- editor
9 (RLIN) 216266
700 1# - ENTRADA AGREGADA--NOMBRE PERSONAL
Nombre de persona Salazar Medina, William Javier
Término indicativo de función/relación autor
-- editor
9 (RLIN) 216267
942 ## - ELEMENTOS DE ENTRADA SECUNDARIOS (KOHA)
Fuente del sistema de clasificación o colocación Clasificación Decimal Dewey
Tipo de ítem Koha Libros

No items available.

Powered by Koha